000 00296nam a22001337a 4500
008 171013b xxu||||| |||| 00| 0 eng d
020 _a2800415924841
041 _aeng
080 _a316
100 _a51
101 _aSOC
245 _aBLACK FENINIST THOUGHT
_cCOLLINS.P.H
942 _2udc
_cBK
999 _c33637
_d33637